[Event "GER Pfingstopen U12"]
[Site "Playchess.com INT"]
[Date "2020.06.02"]
[Round "11"]
[White "Pegelow, Cassian"]
[Black "Cilo, Seyyid"]
[Result "0-1"]
[WhiteElo "1620"]
[BlackElo "1620"]
[PlyCount "44"]
[EventDate "2020.06.02"]
[EventType "swiss (blitz)"]
[EventRounds "11"]
[EventCountry "GER"]
[SourceTitle "CBM 197 Extra"]
[Source "ChessBase"]
[SourceDate "2020.09.30"]
[SourceVersion "1"]
[SourceVersionDate "2020.09.30"]
[SourceQuality "1"]

1. e4 e5 2. Bc4 Nc6 3. Qf3 Nf6 4. a3 Bc5 5. Ba2 Nd4 6. Qc3 d6 7. Qc4 Be6 8. Qa4+ Bd7 9. Qc4 Be6 10. Qa4+ b5 11. Qa6 Nxc2+ 12. Kf1 Nxa1 13. Bxe6 fxe6 14. Qxb5+ Nd7 15. Qe2 0-0 16. b4 Bd4 17. d3 Nb3 18. Bb2 Bxb2 19. Qxb2 Nd4 20. Qd2 Qf6 21. a4 Nb3 22. Qc3 Qxf2# 0-1

[Event "GER Pfingstopen U12"]
[Site "Playchess.com INT"]
[Date "2020.06.02"]
[Round "2"]
[White "Staubus, Noah"]
[Black "Pegelow, Cassian"]
[Result "1-0"]
[WhiteElo "1442"]
[BlackElo "1620"]
[PlyCount "29"]
[EventDate "2020.06.02"]
[EventType "swiss (blitz)"]
[EventRounds "11"]
[EventCountry "GER"]
[SourceTitle "CBM 197 Extra"]
[Source "ChessBase"]
[SourceDate "2020.09.30"]
[SourceVersion "1"]
[SourceVersionDate "2020.09.30"]
[SourceQuality "1"]

1. d4 d5 2. Bf4 Bf5 3. Nc3 Nc6 4. e3 e6 5. Bd3 Bxd3 6. Qxd3 Bd6 7. Bg3 Bxg3 8. hxg3 Nb4 9. Qd1 Nf6 10. Nf3 Ne4 11. Nxe4 dxe4 12. Nd2 0-0 13. Qh5 Nxc2+ 14. Kd1 Nxa1 15. Qxh7# 1-0